000 00370cam a2200157ua 4500
003 OSt
008 250823b |||||||| |||| 00| 0 eng d
041 _aeng
082 _a627.8
_bVAR/CO
100 _aVarshney, R.S .
_96410
245 _aConcrete dams /
250 _a2 /
260 _a :
_bOxford & IBH Publishing company ,
_c1982.
300 _a597 ; .
942 _cBK
999 _c1574
_d1574